banner koha

Fenologia e artrópodes de Copaifera langsdorffii Desf. no cerrado (Registro n. 298566)

MARC details
000 -LÍDER
fixed length control field 02034nab a2200301 i 4500
003 - CÓDIGO MARC DA AGÊNCIA CATALOGADORA
Campo de controle BR-BrBNA
005 - DATA E HORA DA ÚLTIMA ATUALIZAÇÃO
Campo de controle 20240226154217.0
008 - CAMPO DE TAMANHO FIXO
fixed length control field 240221b2006 bl.qr|p|oa||| 00| 0 por |
040 ## - FONTE DA CATALOGAÇÃO
Agência catalogadora BR-BrBNA
Idioma da catalogação por
072 ## - CATEGORIA AGRIS
Código AGRIS F40
100 ## - ENTRADA PRINCIPAL - NOME PESSOAL
Nome pessoal Almeida, C.I.M.
100 ## - ENTRADA PRINCIPAL - NOME PESSOAL
Nome pessoal Leite, G.L.D.
100 ## - ENTRADA PRINCIPAL - NOME PESSOAL
Nome pessoal Rocha, S.L.
100 ## - ENTRADA PRINCIPAL - NOME PESSOAL
Nome pessoal Machado, M.M.L.
100 ## - ENTRADA PRINCIPAL - NOME PESSOAL
Nome pessoal Maldonado, W.C.H.
245 ## - TÍTULO PRINCIPAL
Título principal Fenologia e artrópodes de Copaifera langsdorffii Desf. no cerrado
500 ## - NOTA GERAL
Nota geral Publicação on-line; 32 ref.; 3 tables; 5 illus.; Summaries (En, Pt)
942 ## - ADDED ENTRY ELEMENTS (KOHA)
Koha item type
520 ## - NOTA DE RESUMO
Nota de conteúdo RESUMO: <br/><br/>Avaliou-se a fenologia e os artrópodes bem como o efeito climático sobre estes em<br/>copaíba (Copaifera langsdorffii Desf.) (Leguminoseae). A emissão de novas folhas e inflorescências<br/>bem como a antese ocorreram no período das chuvas. Observou-se maior diversidade e abundância<br/>de insetos, principalmente as dos galhadores.<br/><br/>Palavras-chave: Copaíba, insetos galhadores, fatores climáticos, parasitóides
520 ## - NOTA DE RESUMO
Nota de conteúdo ABSTRACT: <br/><br/>Phenology and arthropods of Copaifera langsdorffii in the cerrado (Brazilian<br/>Savannah). There was evaluated the phenology and arthropods as well as the effect of weather<br/>on copaiba (Copaifera langsdorffii Desf.) (Leguminoseae). The emission of new leaves and<br/>inflorescences as well as the opening of them occurred in the rainy period. There were observed<br/>the higher diversity and abundance of insects, principally galling insects.<br/><br/>Key words: Copaiba, insect galls, weather factors, parasitoids<br/>
650 ## - ASSUNTO - THESAGRO
Cabeçalho tópico ou nome geográfico COPAÍBA
650 ## - ASSUNTO - THESAGRO
Cabeçalho tópico ou nome geográfico INSETO
650 ## - ASSUNTO - THESAGRO
Cabeçalho tópico ou nome geográfico CLIMA
650 ## - ASSUNTO - THESAGRO
Cabeçalho tópico ou nome geográfico PARASITO
773 0# - ENTRADA ANALÍTICA
Host Biblionumber 3543
Registro do item 313785
Imprenta Botucatu-SP Instituto de Biociências - Departamento de Química e Bioquímica 1998
Outro identificador 2024-0053
Título Revista Brasileira de Plantas Medicinais (Brazil)
ISSN 1516-0572
Colação http://www.sbpmed.org.br/admin/files/papers/file_ptFLyDLoA5dd.pdf
Número de controle de registro BR2024000063
856 ## - ACESSO E ENDEREÇO ELETRÔNICO
Identificador uniforme de recurso - URI http://www.sbpmed.org.br/admin/files/papers/file_ptFLyDLoA5dd.pdf

Nenhum exemplar disponível.

BINAGRI

Telefone: (61)3218-2567/2388/3357/2097 - binagri@agro.gov.br

Ministério da Agricultura e Pecuária , Esplanada dos Ministérios, Bloco D, Anexo B, Brasília/DF, CEP: 70.043-900